Lịch sử cuộc vận động vì chính quyền dân sinh, dân chủ ở Việt Nam (1936 -1939)
Сохранить в:
| Главный автор: | |
|---|---|
| Формат: | |
| Опубликовано: |
Hà Nội
Chính trị Quốc gia
2008
|
| Предметы: | |
| Метки: |
Добавить метку
Нет меток, Требуется 1-ая метка записи!
|
| Thư viện lưu trữ: | Trung tâm Học liệu Lê Vũ Hùng, Trường Đại học Đồng Tháp |
|---|
| LEADER | 00832pam a22002418a 4500 | ||
|---|---|---|---|
| 001 | 00041157 | ||
| 005 | 20180403100400.0 | ||
| 008 | 110608s1997 ||||||Viesd | ||
| 020 | # | # | |c 30000 |
| 041 | 0 | # | |a Vie |
| 082 | 1 | 4 | |b L302S |a 959.703 2 |
| 100 | 1 | # | |a Phạm, Hồng Tung |
| 245 | 0 | 0 | |c Phạm Hồng Tung |a Lịch sử cuộc vận động vì chính quyền dân sinh, dân chủ ở Việt Nam (1936 -1939) |
| 260 | # | # | |a Hà Nội |b Chính trị Quốc gia |c 2008 |
| 300 | # | # | |c 21 cm. |a 202 tr |
| 653 | # | # | |a Dan chủ |
| 653 | # | # | |a Dân quyền |
| 653 | # | # | |a Dân sinh |
| 653 | # | # | |a Lịch sử |
| 653 | # | # | |a phong trào |
| 852 | # | # | |j KD.0023346 |j KM.0025151 |j KM.0025152 |j KM.0025150 |
| 910 | |d 03/04/2018 | ||
| 980 | # | # | |a Trung tâm Học liệu Lê Vũ Hùng, Trường Đại học Đồng Tháp |